Countries Most Similar To Georgia - Statistics

General Stats
  • This quiz has been taken 252 times
  • The average score is 14 of 20
Answer Stats
Rank Country Score % Correct
1 Armenia 73.2
96%
20 Russia 64.4
93%
15 Azerbaijan 65.3
89%
8 Ukraine 68.6
87%
2 Bulgaria 71.3
85%
5 Romania 69.6
82%
4 Moldova 69.7
80%
7 Serbia 69.1
80%
14 Greece 66
77%
12 Albania 66.5
76%
3 Montenegro 70.1
75%
10 Belarus 66.7
72%
9 Croatia 67.8
69%
11 Bosnia and Herzegovina 66.6
67%
6 North Macedonia 69.2
67%
16 Slovenia 65.3
66%
13 Slovakia 66.5
63%
18 Italy 64.6
53%
19 Lithuania 64.4
49%
17 Kyrgyzstan 65.1
19%
No matching quizzes found
Score Distribution
Percent of People with Each Score
Percentile by Number Answered
Your Score History
You have not taken this quiz